Elenca la formazione - Quiz n°246 - Statistics

Statistiche generali
  • Questo quiz è stato fatto 31 volte
  • Il punteggio medio è 5 su 11
Statistiche sulle risposte
Ruolo Club dell'epoca Calciatore % Corretto
Attaccante Real Madrid Karim Benzema
92%
Portiere Olympique Lione Hugo Lloris
85%
Attaccante Bayern Monaco Franck Ribéry
77%
Difensore Arsenal Laurent Koscielny
58%
Difensore Manchester City Gaël Clichy
46%
Centrocampista Chelsea Florent Malouda
38%
Centrocampista Newcastle United Yohan Cabaye
27%
Difensore Valencia Adil Rami
15%
Attaccante Lille Mathieu Debuchy
12%
Difensore Olympique Lione Anthony Réveillère
0%
Centrocampista Rennes Yann M'Vila
0%
Nessun quiz corrispondente trovato
Distribuzione punteggi
Percentuale di utenti per punteggio
Percentile per numero di risposta
I tuoi punteggi nel tempo
Non hai fatto questo quiz